| 000 | 00700nam a2200241 a 4500 | ||
|---|---|---|---|
| 001 | 64657 | ||
| 003 | BD-RjUL | ||
| 005 | 20211209081331.0 | ||
| 008 | 170219s1965 enk 001 0beng d | ||
| 035 | _a(BD-RjUL)64787 | ||
| 040 |
_aCKM _cCKM _dBD-RjUL _beng |
||
| 041 | _aeng | ||
| 082 |
_223 _a823.8 _bCOI 1965 |
||
| 090 |
_aPR4588 _b.C63 1965 |
||
| 100 | 1 |
_aCockshut, A. O. J. _9191701 |
|
| 245 | 1 | 4 |
_aThe imagination of Charles Dickens / _cA.O.J. Cockshut |
| 260 |
_aLondon : _bUniversity paperbacks, _c1965. |
||
| 300 |
_a192 p. ; _c21 cm |
||
| 500 | _aFirst published in this series in 1965 | ||
| 500 | _aIncludes index | ||
| 600 | 1 | 0 |
_aDickens, Charles, _d1812-1870. _9189296 |
| 942 |
_2ddc _cBK |
||
| 999 |
_c64657 _d64657 |
||